|
|
|
|
| LEADER |
00000nam a2200000Ia 4500 |
| 008 |
180417b1998 cr ||||| |||| 00| | spa d |
| 999 |
|
|
|c 1718
|d 1718
|
| 090 |
|
|
|a 06.03.04
|b 581
|
| 111 |
|
|
|a Seminario-Taller Nacional [2° : 1998 : San José, Costa Rica]
|9 3558
|
| 245 |
1 |
|
|a Educación Ambiental para un desarrollo sostenible : Memoria /
|c Lidia Hernández Rojas, Carmen Roldán Chacón, Sonia Arguedas Quirós, editoras
|
| 260 |
|
|
|a San José, Costa Rica :
|b EUNED,
|c 1998
|
| 300 |
|
|
|a 108 páginas
|
| 650 |
1 |
4 |
|a EDUCACIÓN AMBIENTAL
|9 439
|
| 650 |
1 |
4 |
|a DESARROLLO SOSTENIBLE
|9 443
|
| 650 |
1 |
4 |
|a MUJERES
|9 55
|
| 650 |
1 |
4 |
|a GLOBALIZACIÓN
|9 266
|
| 650 |
1 |
4 |
|a GÉNERO
|9 69
|
| 650 |
1 |
4 |
|a PARTICIPACIÓN COMUNITARIA
|9 2303
|
| 700 |
|
|
|a Roldán Chacón, Carmen
|9 3556
|e Editor/a
|
| 700 |
|
|
|a Arguedas Quirós, Sonia
|9 3559
|e Editor/a
|
| 700 |
1 |
|
|a Hernández Rojas, Lidia
|9 233
|e Editor/a
|
| 942 |
|
|
|i 00143
|h 06.03.04 581
|2 z
|c 01
|